000 00287nam a2200109Ia 4500
008 191206s9999 xx 000 0 und d
020 _a0520407x
090 _aHX39.5A853
245 4 _aThe social and political thought of Karl Marx
260 _aCambridge University Press
260 _cc1968
999 _c17142
_d17142